[Event "FRA-ch Accession"]
[Site "Besancon"]
[Date "2006.08.16"]
[Round "2"]
[White "Meinsohn, Francis"]
[Black "Collin, Jean"]
[Result "1-0"]
[WhiteElo "2250"]
[BlackElo "1899"]
[PlyCount "97"]
[EventDate "2006.08.15"]
[EventType "swiss"]
[EventRounds "10"]
[EventCountry "FRA"]
[SourceTitle "CBM 113 Extra"]
[Source "ChessBase"]
[SourceDate "2006.09.14"]
[SourceVersion "1"]
[SourceVersionDate "2006.09.14"]
[SourceQuality "1"]

1. d4 Nf6 2. c4 g6 3. Nc3 Bg7 4. Nf3 d6 5. Bg5 Nbd7 6. Qc2 b6 7. Rd1 c5 8. d5 h6 9. Bh4 Qc7 10. e4 Ng4 11. h3 Nge5 12. Nd2 g5 13. Bg3 Ng6 14. Be2 Be5 15. Nf1 Nf6 16. Bxe5 Nxe5 17. Ne3 a6 18. g3 g4 19. hxg4 Nfxg4 20. Nxg4 Bxg4 21. Rh4 h5 22. Bxg4 Nxg4 23. Qe2 0-0-0 24. Rxh5 Nf6 25. Rxh8 Rxh8 26. Kd2 Qd7 27. Qf3 Qh3 28. e5 Qg4 29. Qxg4+ Nxg4 30. exd6 exd6 31. Rf1 Ne5 32. b3 Nf3+ 33. Ke3 Nd4 34. Kf4 f5 35. Rd1 Rh2 36. Rd2 Kd7 37. Nd1 Ke7 38. Ne3 Kf6 39. Nc2 Nxc2 40. Rxc2 Rh5 41. Re2 Kf7 42. Re6 Rh2 43. Kf3 Rh1 44. Rxd6 b5 45. Rxa6 bxc4 46. bxc4 Rc1 47. Kf4 Rxc4+ 48. Kxf5 Rd4 49. Ra7+ 1-0